| 000 | 01249cam a2200301 4500 | ||
|---|---|---|---|
| 008 | 020517n1999 000 0 eng u | ||
| 020 | _a1861341881 | ||
| 035 | _a(Sirsi) u118006 | ||
| 041 | _aeng. | ||
| 050 | _a711.13 | ||
| 100 | _aFreeman, C. | ||
| 245 | _aPlanning with children for better communities | ||
| 260 |
_aBristol _bPolicy Press _c1999 |
||
| 300 |
_av,155p. _c24cm. |
||
| 350 | _a15.99 | ||
| 520 | _aFollowing the UN Convention on the Rights of the Child (1989) the case for children's involvement in decision-making processes has been championed by pressure-groups and voluntary organisations. This text argues there is a need to transfer these ideas and experiences to mainstream services of local authorities, regeneration agencies and other organisations. It will be of interest to local authority planners and policy makers, and community development workers. | ||
| 650 | _aCHILDREN | ||
| 650 | _aECONOMIC POLICY | ||
| 650 | _aSOCIAL ISSUES | ||
| 650 | _aLOCAL AUTHORITIES | ||
| 650 | _aCOMMUNITY DEVELOPMENT | ||
| 650 | _aREGENERATION | ||
| 650 | _aURBAN AREAS | ||
| 690 | _aENVIRONMENTAL AND LAND CONSULTANCY-PLANNING AND DEVELOPMENT | ||
| 700 | _aHenderson, P. | ||
| 700 | _aKettle, J. | ||
| 942 | _n0 | ||
| 999 |
_c102081 _d102081 |
||